000
00320nam a22001457a 4500
008
230124b ||||| |||| 00| 0 eng d
020
_a
2900393316987
041
_a
eng
080
_a
521
082
_a
521GEY
100
_a
19.1
101
_a
ASTRO
245
_a
POSTMODERN AMERICAN FICTION
_c
GEYH P
942
_2
udc
_c
BK
999
_c
59254
_d
59254